Bobs Burgers Quiz - Statistics

General Stats
  • This quiz has been taken 778 times
  • The average score is 21 of 29
Answer Stats
Hint Answer % Correct
Resturant Owner Bob Belcher
100%
Restaurant Owner's wife Linda Belcher
99%
Eldest Daughter, Glasses, Likes Horses Tina Belcher
99%
Middle Child, Keyboard Gene Belcher
98%
Youngest Daughter, Wears Bunny Ears Louise Belcher
98%
Bob's Rival, Owns Restaurant Across the Street Jimmy Pesto
92%
Rival's Eldest Son Jimmy Pesto Jr.
91%
Rival's Twins, Blue Shirt Andy Pesto
88%
Mortician Next Door Mort
88%
Rival's Twins, Yellow Shirt Ollie Pesto
88%
Loyal Customer to Bob, Fat Teddy
87%
Health Inspector Hugo
84%
Jimmy Jr.'s Best Friend Zeke
80%
The Kid's Aunt Gayle
76%
Tina's friend/enemy Tammy
76%
Counseler Mr.Frond
75%
Health Inspector's Assistaint Ron
74%
Landlord Mr.Fischoeder
73%
Landlord's Brother Felix Fischoeder
70%
Dentist Dr.Yap
69%
Louise's Friend, Not Small but not Tall Regular Sized Rudy
64%
Louise's Older Rival Logan
57%
Mailman Mike
52%
Bank Robber, Later Bob's Intern Mickey
51%
Louise's Younger Rival Millie
50%
Town Detective Sergeant Bosco
44%
Rival's Bartender Trevor
35%
The School Nerd Darryl
34%
Linda's Rival Cynthia
26%
No matching quizzes found
Score Distribution
Percent of People with Each Score
Percentile by Number Answered
Your Score History
You have not taken this quiz